| 000 | 00993nam a2200289 c 4500 | ||
|---|---|---|---|
| 003 | BLK | ||
| 005 | 20180420220121.0 | ||
| 008 | 180413b bul|||||r ||||||| ||bul|| | ||
| 010 | _aKNG00029489000 | ||
| 020 |
_a954-8794-05-5 _bиздат.: Интегра Б.Г. |
||
| 040 | _aBLK | ||
| 041 |
_aENG _cBUL |
||
| 080 |
_aАмериканска литература (на САЩ) _b821.111(73) _x-312.4 _z821.111(73)-312.4 |
||
| 100 | 1 |
_aТруман, Маргарет _eпърви автор _9261977 |
|
| 139 |
_aТруман, Маргарет _bТ 87 |
||
| 245 | 1 | 0 |
_aУбийство в посолството _b[Роман] _cМаргарет Труман. |
| 257 | _aUSA | ||
| 260 |
_аСофия _bИнтегра Б.Г. _c1999 |
||
| 300 |
_a320 с. _c20 см |
||
| 380 | _aX | ||
| 490 | 1 | _aАмерикански бестселър | |
| 852 | _aЦб 202697 | ||
| 856 | 4 |
_qpdf _u |
|
| 856 | 4 |
_qpdf _u |
|
| 942 |
_cKNG _n0 |
||
| 944 |
_aCR _c15.01.2003 _kAB_DOS |
||
| 944 |
_aED _c05.01.2017 _kСечил_Томаш |
||
| 999 |
_c26928 _d26928 |
||